00687nam a2200241 a 4500001001300000003000900013005001700022008004100039020001000080082001600090100002100106245003200127260003300159300000900192500003500201505004100236650002300277700002100300902000800321942000700329952009600336999001300432nice12345678IN_TiNIC20260116011331.0050524s1936 egya grp 000 0 ara  ac10000a297.29bHAR aHarravi, Hussain aAl-Mustashreeqoon Wal Islam aEgyptbMaktaba-E-ilmiac1936 a107p aincludes index and biblioraphy2 a12 Volumes in Bounded in Six Volumes aOrientalists-Islam1 aHarravi, Hussain bSRS cBK 00104070aHMIbHMId2007-07-20g100.00l0o297.29 HARp04629r2007-07-20w2026-01-16yEB c601d601